Southville International School and Colleges
Your cart is empty.
  • Cart
  • Lists
    Public lists Eva Luna New books Lux_list list_1
    Your lists Log in to create your own lists
  • Log in to your account
  • Your cookies
  • Search history
Southville International School and Colleges
  • Advanced search
  • Recent comments
  • Most popular
  • Libraries

Log in to your account

Log in with GOOGLE


If you do not have an external account, but do have a local account, you can still log in:

  1. Home
  2. MARC view: Back to basic Science :
Normal view MARC view ISBD view

Back to basic Science : (Record no. 102804)

[ view plain ]
MARC details
000 -LEADER
fixed length control field 00558nam a2200181 a 4500
005 - DATE AND TIME OF LATEST TRANSACTION
control field 20140412111242.0
008 - FIXED-LENGTH DATA ELEMENTS--GENERAL INFORMATION
fixed length control field 020415s19uu xx 00 eng d
020 ## - INTERNATIONAL STANDARD BOOK NUMBER
International Standard Book Number 1-85758-376-0
050 ## - LIBRARY OF CONGRESS CALL NUMBER
Classification number TR(GS 372.3
Item number H176 1996
100 ## - MAIN ENTRY--PERSONAL NAME
Personal name Hall, Godfrey
245 ## - TITLE STATEMENT
Title Back to basic Science :
Remainder of title for 8-9 year olds /
Statement of responsibility, etc Godfrey Hall.
260 ## - PUBLICATION, DISTRIBUTION, ETC. (IMPRINT)
Place of publication, distribution, etc London :
Name of publisher, distributor, etc Letts Educational,
Date of publication, distribution, etc 1996.
300 ## - PHYSICAL DESCRIPTION
Extent 32 p. ; ill.
440 ## - SERIES STATEMENT/ADDED ENTRY--TITLE
Title Letts Science, age 8-9, key stage 2
650 ## - SUBJECT ADDED ENTRY--TOPICAL TERM
Topical term or geographic name as entry element Science
General subdivision Juvenile literature
650 ## - SUBJECT ADDED ENTRY--TOPICAL TERM
Topical term or geographic name as entry element Science
General subdivision Study and Teaching
Holdings
Withdrawn status Lost status Damaged status Home library Current library Shelving location Date acquired Source of acquisition Cost, normal purchase price Total Checkouts Full call number Barcode Date last seen Price effective from Koha item type
      Elizalde Library Elizalde Library Teachers Reference Section 04/15/2002   175.00   TR(GS 372.3 H176 1996 E2776 04/12/2014 04/12/2014 Books

Back to basic Science :

APA

Hall G., . (1996). Back to basic Science. London: Letts Educational.

Chicago

Hall Godfrey, . 1996. Back to basic Science. London: Letts Educational.

Harvard

Hall G., . (1996). Back to basic Science. London: Letts Educational.

MLA

Hall Godfrey, . Back to basic Science. London: Letts Educational. 1996.

  • Place hold
  • Print
  • Cite
  • Add to your cart (remove)
  • Save record
    BIBTEX Dublin Core MARCXML MARC (non-Unicode/MARC-8) MARC (Unicode/UTF-8) MARC (Unicode/UTF-8, Standard) MODS (XML) RIS
  • More searches
    Search for this title in:
    Other Libraries (WorldCat) Other Databases (Google Scholar) Online Stores (Bookfinder.com) Open Library (openlibrary.org)

Exporting to Dublin Core...

SOUTHVILLE LIBRARY

Southville International School and Colleges Library

1281 Tropical Ave. Cor. Luxembourg St., BF Homes International, Las Pinas City

Tel. No. 8256374 / 252358 Loc. 117/146

Powered by Koha